| 000 -LEADER |
| fixed length control field |
00814nam a2200253 a 4500 |
| 001 - CONTROL NUMBER |
| control field |
20300 |
| 003 - CONTROL NUMBER IDENTIFIER |
| control field |
BD-DhUAP |
| 005 - DATE AND TIME OF LATEST TRANSACTION |
| control field |
20201220094148.0 |
| 008 - FIXED-LENGTH DATA ELEMENTS--GENERAL INFORMATION |
| fixed length control field |
201220s2017 ii ab b 001 0 eng |
| 020 ## - INTERNATIONAL STANDARD BOOK NUMBER |
| International Standard Book Number |
9781259001857 |
| 020 ## - INTERNATIONAL STANDARD BOOK NUMBER |
| International Standard Book Number |
1259001857 |
| 040 ## - CATALOGING SOURCE |
| Original cataloging agency |
DLC |
| Transcribing agency |
DLC |
| Modifying agency |
BD-DhUAP |
| 082 00 - DEWEY DECIMAL CLASSIFICATION NUMBER |
| Classification number |
658.0072 COO |
| Edition number |
23 |
| 100 1# - MAIN ENTRY--PERSONAL NAME |
| Personal name |
Cooper, Donald R. |
| 9 (RLIN) |
15337 |
| 245 10 - TITLE STATEMENT |
| Title |
Business research methods / |
| Statement of responsibility, etc. |
Donald R. Cooper, Pamela S. Schindler and J. K. Sharma. |
| 250 ## - EDITION STATEMENT |
| Edition statement |
11th ed. |
| 260 ## - PUBLICATION, DISTRIBUTION, ETC. |
| Place of publication, distribution, etc. |
New Delhi : |
| Name of publisher, distributor, etc. |
McGraw-Hill Edcuation India, |
| Date of publication, distribution, etc. |
2017. |
| 300 ## - PHYSICAL DESCRIPTION |
| Extent |
xxx, 950 pages : |
| Other physical details |
ilustrations ; |
| Dimensions |
29 cm. |
| 504 ## - BIBLIOGRAPHY, ETC. NOTE |
| Bibliography, etc. note |
Includes bibliographical references and indexes. |
| 650 #0 - SUBJECT ADDED ENTRY--TOPICAL TERM |
| Topical term or geographic name entry element |
Industrial management |
| General subdivision |
Research. |
| 9 (RLIN) |
15338 |
| 700 1# - ADDED ENTRY--PERSONAL NAME |
| Personal name |
Schindler, Pamela S. |
| 9 (RLIN) |
15339 |
| 700 1# - ADDED ENTRY--PERSONAL NAME |
| Personal name |
Sharma, J. K. |
| 9 (RLIN) |
15340 |
| 942 ## - ADDED ENTRY ELEMENTS (KOHA) |
| Source of classification or shelving scheme |
|
| Koha item type |
Book |